Music Quiz

Random Music Quiz

UK Number 3 Singles - 1996 Quiz Stats

 Plays Quiz not verified by Sporcle

Challenge
Share
Tweet
Embed
Score 0/17 Timer 12:00
0 Plays Today
Artist Answer % Correct
JamiroquaiVirtual Insanity
83.3%
FaithlessInsomnia
83.3%
Mark OwenChild
80.6%
BabybirdYou're Gorgeous
77.8%
LunizI Got 5 On It
72.2%
SuedeTrash
66.7%
Robert Miles featuring Maria NaylerOne And One
61.1%
GoldbugWhole Lotta Love
58.3%
MadonnaDon't Cry For Me Argentina
58.3%
Artist Answer % Correct
B.B.E.Seven Days And One Week
52.8%
Mariah CareyAlways Be My Baby
44.4%
The CharlatansOne To Another
44.4%
Celine DionIt's All Coming Back To Me Now
44.4%
Baby DSo Pure
38.9%
Dina CarrollEscaping
38.9%
Backstreet BoysWe've Got It Goin' On
33.3%
3TI Need You
30.6%

You're not logged in!

Compare scores with friends on all Sporcle quizzes.
OR
Log In

You Might Also Like...

Show Comments

Extras

Created Mar 28, 2014SourceReportNominate
Tags:UK Charts

Top Quizzes Today


Score Distribution

Your Account Isn't Verified!

In order to create a playlist on Sporcle, you need to verify the email address you used during registration. Go to your Sporcle Settings to finish the process.

Report this User

Report this user for behavior that violates our Community Guidelines.

Details: